| 000 | 00438cam a2200169ua 4500 | ||
|---|---|---|---|
| 020 | _c2.50 | ||
| 041 |
_amal _h |
||
| 082 |
_a894.812 _bDIM/GE |
||
| 100 | _aDimitrov, George . | ||
| 245 |
_aGeorgi Dimitrov / _cGeorge Dimitrov. _hTextual Documents |
||
| 260 |
_aKottayam : _bPrabhatham printing and publishing co. pvt. ltd. , _c1960. |
||
| 300 | _a195 ; . | ||
| 365 | _a2.50 | ||
| 504 | _a | ||
| 942 | _cBK | ||
| 999 |
_c6309 _d6309 |
||